00333nam a2200133Ia 4500008004100000020001800041082001600059100002600075245003200101250000900133260004100142300000800183650000800191191201s2008 xx 000 0 und d a9788126509621 a005.43bSIO aSilberschatz, Abraham 0aOperating system principles aRep. aN.DelhibWiley Dreautech Indiac2008 a896 aMCA